000 00359nam a2200145Ia 4500
008 230711s9999||||xx |||||||||||||| ||und||
041 _aENG
082 _a5
_bMG-F
100 _aM.G Chopra
245 0 _aFortran IV programming
250 _a1st Ed.
260 _c1986
_aNew Delhi
_bVikas Publishing House Pvt Ltd.
650 _aComputer Engineering
942 _cBK
999 _c853
_d853